000 00439cam a2200181ua 4500
020 _a81-7808-785-5
041 _aeng
_h
082 _a004.6
_bTAN/CO
100 _aTanenbaum, Andrew S .
245 _aComputer networks /
_cAndrew S Tanenbaum.
_hTextual Documents
250 _a4 /
_b.
260 _a :
_bPearson Education Asia ,
_c2003.
300 _a892 ; .
500 _a*CSS
504 _a
942 _cBK
999 _c10786
_d10786